000
00215 a2200097 4500
001
11300
100
_a
Mueller, P.
245
_a
China & Japan Emerging Global Powers
260
_a
_b
Praejer
_c
090
_c
8851
_d
8851
942
_a
NUST-CAE
_c
M
_c
35657
999
_c
246373
_d
246373